header

Hush, Hush, It's SleepyTime (Record no. 264212)

MARC details
000 -LEADER
fixed length control field 00532nam a22001817a 4500
003 - CONTROL NUMBER IDENTIFIER
control field OSt
005 - DATE AND TIME OF LATEST TRANSACTION
control field 20240806103407.0
008 - FIXED-LENGTH DATA ELEMENTS--GENERAL INFORMATION
fixed length control field 240806b xxu||||| |||| 00| 0 eng d
010 ## - LIBRARY OF CONGRESS CONTROL NUMBER
LC control number 82083093
020 ## - INTERNATIONAL STANDARD BOOK NUMBER
International Standard Book Number 030703013X
International Standard Book Number 0307602133 (lib.bdg.)
040 ## - CATALOGING SOURCE
Transcribing agency DLC
050 ## - LIBRARY OF CONGRESS CALL NUMBER
Classification number PZ7
Item number .P219 1984
245 ## - TITLE STATEMENT
Title Hush, Hush, It's SleepyTime
Statement of responsibility, etc by Peggy Parish, illustrated by Leonid Pinchevsky
260 ## - PUBLICATION, DISTRIBUTION, ETC. (IMPRINT)
Place of publication, distribution, etc USA
-- Racine
-- Wisconsin
Name of publisher, distributor, etc Western Publishing Co.Inc.
-- A Little Golden Book
Date of publication, distribution, etc 1984
300 ## - PHYSICAL DESCRIPTION
Other physical details ill.
942 ## - ADDED ENTRY ELEMENTS (KOHA)
Source of classification or shelving scheme Library of Congress Classification
Koha item type Long Loan Books
Holdings
Withdrawn status Lost status Source of classification or shelving scheme Damaged status Not for loan Collection code Home library Current library Shelving location Date acquired Total Checkouts Full call number Barcode Date last seen Price effective from Koha item type
    Library of Congress Classification     Fiction Rongo University Library Rongo University Library Children's Area 06/08/2024   PZ7 .P219 1984 CL20243610 06/08/2024 06/08/2024 Long Loan Books

© 2026 Rongo University
Contact us: librarian | system librarian | Rongo university